000
00270nam a2200097 a 4500
005
20201002045427.0
008
140703s2005 000 spa d
245
0
_a
Governanca da internet.
260
_a
Rio de Janeiro -- edit. peirópolis,
_c
2005 -- 96 p.
999
_c
44000
_d
44000
040
_a
DO-SdBNP